[Event "Titled Tuesday intern op 06th Feb Early"]
[Site "Chess.com INT"]
[Date "2024.02.06"]
[Round "2"]
[White "Zaksaite, Salomeja"]
[Black "Ocelak, Jakub"]
[Result "0-1"]
[WhiteElo "2212"]
[BlackElo "2183"]
[PlyCount "66"]
[EventDate "2024.02.06"]
[EventType "swiss (blitz)"]
[EventRounds "11"]
[EventCountry "USA"]
[SourceTitle "CB07_2024"]
[SourceDate "2024.02.14"]
[SourceVersion "1"]
[SourceVersionDate "2024.02.14"]
[SourceQuality "1"]

1. e4 Nc6 2. Nf3 d5 3. exd5 Qxd5 4. Nc3 Qh5 5. Be2 Bg4 6. d3 e5 7. Be3 Bb4 8. 0-0 Nf6 9. h3 Bxf3 10. Bxf3 Qg6 11. Bxc6+ bxc6 12. Qf3 Nd7 13. Nb5 e4 14. Nxc7+ Kd8 15. dxe4 Kxc7 16. Bf4+ Kc8 17. Rfd1 Qe6 18. Rd3 Rd8 19. Rad1 Be7 20. Rc3 Nb6 21. Rxd8+ Kxd8 22. e5 Rc8 23. Rd3+ Ke8 24. Qh5 h6 25. b3 Nd5 26. Bh2 Rd8 27. c4 Nc7 28. Rxd8+ Bxd8 29. Qd1 Qd7 30. Qe2 Ne6 31. Bg3 Bb6 32. Kh2 Qd4 33. f4 Qg1# 0-1

[Event "Skalica op-A"]
[Site "Skalica"]
[Date "2023.08.25"]
[Round "7"]
[White "Ihnat, Marek1111"]
[Black "Ocelak, Jakub"]
[Result "1/2-1/2"]
[WhiteElo "2126"]
[BlackElo "2272"]
[PlyCount "66"]
[EventDate "2023.08.19"]
[EventType "swiss"]
[EventRounds "9"]
[EventCountry "SVK"]
[SourceTitle "CBM 215 Extra"]
[Source "ChessBase"]
[SourceDate "2023.09.30"]
[SourceVersion "1"]
[SourceVersionDate "2023.09.30"]
[SourceQuality "1"]

1. e4 g6 2. d4 Bg7 3. Nc3 d6 4. f4 a6 5. Nf3 b5 6. Bd3 c5 7. dxc5 Bxc3+ 8. bxc3 dxc5 9. e5 Bb7 10. Qe2 e6 11. 0-0 Ne7 12. c4 bxc4 13. Bxc4 Nd5 14. Bxd5 Qxd5 15. Rd1 Qe4 16. Be3 0-0 17. Qf2 Nc6 18. Ng5 Qa4 19. Bxc5 Rfd8 20. Bd6 h6 21. Nh3 Qe4 22. Rab1 Rd7 23. Rd3 Rc8 24. Re1 Qc4 25. Qh4 Nd4 26. Qxh6 Nf5 27. Qg5 Qxc2 28. Nf2 Rc3 29. Rxc3 Qxc3 30. Rf1 Qc6 31. Re1 Qc3 32. Rf1 Qc6 33. Re1 Qc3 1/2-1/2

[Event "Skalica op-A"]
[Site "Skalica"]
[Date "2023.08.22"]
[Round "4"]
[White "Staresina, Alan"]
[Black "Ocelak, Jakub"]
[Result "0-1"]
[WhiteElo "2148"]
[BlackElo "2272"]
[PlyCount "40"]
[EventDate "2023.08.19"]
[EventType "swiss"]
[EventRounds "9"]
[EventCountry "SVK"]
[SourceTitle "CBM 215 Extra"]
[Source "ChessBase"]
[SourceDate "2023.09.30"]
[SourceVersion "1"]
[SourceVersionDate "2023.09.30"]
[SourceQuality "1"]

1. d4 g6 2. c4 Bg7 3. Nc3 d6 4. g3 Nd7 5. Bg2 e5 6. Nf3 Ne7 7. e4 exd4 8. Nxd4 Nc6 9. Nxc6 bxc6 10. 0-0 0-0 11. Qc2 Qf6 12. Be3 Ne5 13. c5 Re8 14. cxd6 cxd6 15. h3 Nc4 16. Bf4 Be6 17. Rad1 Red8 18. Rd3 Rab8 19. b3 Ne5 20. Qd2 Nxd3 0-1

[Event "Skalica op-A"]
[Site "Skalica"]
[Date "2023.08.20"]
[Round "2"]
[White "Charaus, Florian"]
[Black "Ocelak, Jakub"]
[Result "0-1"]
[WhiteElo "2010"]
[BlackElo "2272"]
[PlyCount "64"]
[EventDate "2023.08.19"]
[EventType "swiss"]
[EventRounds "9"]
[EventCountry "SVK"]
[SourceTitle "CBM 215 Extra"]
[Source "ChessBase"]
[SourceDate "2023.09.30"]
[SourceVersion "1"]
[SourceVersionDate "2023.09.30"]
[SourceQuality "1"]

1. d4 Nf6 2. c4 g6 3. Nc3 Bg7 4. e4 d6 5. Be2 0-0 6. Be3 Nc6 7. d5 Ne5 8. h3 e6 9. g4 exd5 10. cxd5 Re8 11. g5 Nh5 12. Bxh5 gxh5 13. Qe2 Ng6 14. f3 c5 15. h4 Bd7 16. Nh3 b5 17. Nf2 b4 18. Ncd1 f5 19. gxf6 Qxf6 20. Bg5 Qf7 21. Ne3 h6 22. Nc4 hxg5 23. Nxd6 Qf6 24. Nxe8 Rxe8 25. hxg5 Qxb2 26. Qxb2 Bxb2 27. Rb1 Bc3+ 28. Kf1 Nf4 29. Rh4 Rf8 30. Rxf4 Rxf4 31. Kg2 c4 32. Nd1 Bd2 0-1

[Event "Titled Tuesday intern op 01st Aug Early"]
[Site "Chess.com INT"]
[Date "2023.08.01"]
[Round "4"]
[White "Materia, Marco"]
[Black "Ocelak, Jakub"]
[Result "1/2-1/2"]
[WhiteElo "2433"]
[BlackElo "2272"]
[PlyCount "145"]
[EventDate "2023.08.01"]
[EventType "swiss (blitz)"]
[EventRounds "11"]
[EventCountry "USA"]
[SourceTitle "EXT 2024"]
[Source "ChessBase"]
[SourceDate "2023.10.10"]
[SourceVersion "1"]
[SourceVersionDate "2023.10.10"]
[SourceQuality "1"]

1. d4 d5 2. c4 e6 3. Nf3 Nf6 4. Nc3 c5 5. cxd5 exd5 6. g3 Nc6 7. Bg2 cxd4 8. Nxd4 Bc5 9. Nxc6 bxc6 10. 0-0 0-0 11. Na4 Bb6 12. b3 Ba6 13. Ba3 Re8 14. Re1 Ba5 15. b4 Bb6 16. Rc1 Qe7 17. e3 Rec8 18. Qb3 Bc4 19. Qb1 Bc7 20. Rc3 Be5 21. b5 Qe8 22. Rxc4 dxc4 23. bxc6 Rxc6 24. Bxc6 Qxc6 25. Qc2 Rc8 26. Rc1 Ne4 27. f4 Bf6 28. Bb2 Bxb2 29. Nxb2 c3 30. Nd1 f5 31. Nf2 Nd2 32. h3 Qf3 33. Qxf5 Qxg3+ 34. Kh1 Rf8 35. Qd5+ Kh8 36. Qg2 Qxe3 37. Nd1 Qe1+ 38. Kh2 Nf1+ 39. Kh1 Ng3+ 40. Kh2 Nf1+ 41. Kh1 Ne3+ 42. Qg1 Qxg1+ 43. Kxg1 Nxd1 44. Rxd1 c2 45. Rc1 Rc8 46. Kf2 Kg8 47. Ke3 Kf7 48. a4 Kf6 49. a5 Kf5 50. a6 Rc6 51. Kd3 Rxa6 52. Rxc2 Ra3+ 53. Kd4 Kxf4 54. Rc7 Rxh3 55. Rf7+ Kg5 56. Rxg7+ Kf6 57. Rxa7 h5 58. Ke4 Kg5 59. Rg7+ Kh4 60. Rg1 Rh2 61. Kf3 Ra2 62. Rh1+ Kg5 63. Kg3 Ra3+ 64. Kh2 h4 65. Rb1 Kg4 66. Rb4+ Kh5 67. Rb5+ Kg6 68. Rb6+ Kg5 69. Rb5+ Kg6 70. Rb6+ Kg5 71. Rb5+ Kg4 72. Rb4+ Kg5 73. Rb5+ 1/2-1/2

[Event "Titled Tuesday intern op 11th Jul Early"]
[Site "Chess.com INT"]
[Date "2023.07.11"]
[Round "10"]
[White "Ocelak, Jakub"]
[Black "Al Tarbosh, Ward"]
[Result "1-0"]
[WhiteElo "2158"]
[BlackElo "2254"]
[PlyCount "133"]
[EventDate "2023.07.11"]
[EventType "swiss (blitz)"]
[EventRounds "11"]
[EventCountry "USA"]
[SourceTitle "EXT 2024"]
[Source "ChessBase"]
[SourceDate "2023.10.10"]
[SourceVersion "1"]
[SourceVersionDate "2023.10.10"]
[SourceQuality "1"]

1. d4 Nf6 2. Nc3 d5 3. Bf4 a6 4. e3 Bf5 5. Bd3 Bxd3 6. cxd3 e6 7. Qb3 b5 8. a4 b4 9. Nce2 a5 10. Nf3 Bd6 11. Ne5 0-0 12. 0-0 Nh5 13. Rfc1 Nxf4 14. Nxf4 Nd7 15. Nxd7 Qxd7 16. Qc2 Bxf4 17. exf4 Ra7 18. Qc6 Qxc6 19. Rxc6 Rb8 20. Rac1 Rbb7 21. Rd6 Kf8 22. Rd8+ Ke7 23. Rh8 h6 24. b3 Rb6 25. Rg8 g6 26. Rc5 Rd6 27. Rc8 Kd7 28. Rf8 Ke7 29. Rb8 g5 30. fxg5 hxg5 31. f3 f5 32. Rbb5 Rda6 33. Rb8 f4 34. Rg8 Kf6 35. Rc8 e5 36. Rf8+ Ke7 37. Rf5 exd4 38. Rfxd5 Re6 39. Kf2 c6 40. Rxd4 Kf7 41. Rxg5 Kf6 42. Rc5 Rae7 43. Rxf4+ Kg6 44. Re4 Rxe4 45. fxe4 Rf7+ 46. Ke2 Kf6 47. Rxa5 Ke6 48. Rf5 Rh7 49. h3 Kd6 50. a5 c5 51. a6 Kc6 52. Ke3 Kb6 53. Rf6+ Kb5 54. e5 Rd7 55. e6 Re7 56. Ke4 Kxa6 57. Ke5 Kb5 58. Kd6 Ra7 59. Rf7 Ra6+ 60. Kd5 Ra2 61. Rb7+ Ka6 62. Rb8 Re2 63. Kd6 Ka7 64. Rh8 Re3 65. e7 Rxd3+ 66. Kxc5 Rc3+ 67. Kxb4 1-0

[Event "Titled Tuesday intern op 11th Jul Early"]
[Site "Chess.com INT"]
[Date "2023.07.11"]
[Round "1"]
[White "Ocelak, Jakub"]
[Black "Nasuta, Grzegorz"]
[Result "1/2-1/2"]
[WhiteElo "2158"]
[BlackElo "2552"]
[PlyCount "102"]
[EventDate "2023.07.11"]
[EventType "swiss (blitz)"]
[EventRounds "11"]
[EventCountry "USA"]
[SourceTitle "EXT 2024"]
[Source "ChessBase"]
[SourceDate "2023.10.10"]
[SourceVersion "1"]
[SourceVersionDate "2023.10.10"]
[SourceQuality "1"]

1. d4 d5 2. Nc3 Nf6 3. Bf4 a6 4. e3 Bf5 5. Bd3 Bg6 6. h4 e6 7. h5 Bxd3 8. cxd3 h6 9. Nf3 Bd6 10. Ne5 Nbd7 11. Qb3 Rb8 12. Rc1 0-0 13. Ne2 Qe7 14. Ng3 c5 15. Nxd7 Nxd7 16. Bxd6 Qxd6 17. dxc5 Nxc5 18. Qa3 Rbc8 19. 0-0 Qb6 20. d4 Nd7 21. b3 Nf6 22. Rc5 Rxc5 23. Qxc5 Qxc5 24. dxc5 Rc8 25. b4 Kf8 26. Rc1 Ke7 27. f3 b6 28. Kf2 bxc5 29. bxc5 Nd7 30. c6 Ne5 31. Ke2 Rxc6 32. Rxc6 Nxc6 33. Kd2 Kd6 34. Kc3 Kc5 35. Ne2 e5 36. Nc1 d4+ 37. exd4+ exd4+ 38. Kb3 Ne5 39. f4 Ng4 40. Nd3+ Kd5 41. Nb4+ Ke4 42. Nxa6 d3 43. Kc3 Ke3 44. Nb4 d2 45. Nc2+ Ke2 46. Nd4+ Ke1 47. Nc2+ Kd1 48. Nd4 Ke1 49. Nc2+ Ke2 50. Nd4+ Ke3 51. Nc2+ Ke2 1/2-1/2

[Event "Titled Tuesday intern op 11th Jul Early"]
[Site "Chess.com INT"]
[Date "2023.07.11"]
[Round "4"]
[White "Souleidis, Georgios"]
[Black "Ocelak, Jakub"]
[Result "1-0"]
[WhiteElo "2419"]
[BlackElo "2158"]
[PlyCount "103"]
[EventDate "2023.07.11"]
[EventType "swiss (blitz)"]
[EventRounds "11"]
[EventCountry "USA"]
[SourceTitle "EXT 2024"]
[Source "ChessBase"]
[SourceDate "2023.10.10"]
[SourceVersion "1"]
[SourceVersionDate "2023.10.10"]
[SourceQuality "1"]

1. e4 e5 2. Nc3 Nf6 3. d4 exd4 4. Qxd4 Nc6 5. Qd3 Bb4 6. Bd2 0-0 7. 0-0-0 d6 8. Nge2 Ne5 9. Qg3 Nh5 10. Qg5 Qxg5 11. Bxg5 h6 12. Bd2 Ng4 13. Be1 Bc5 14. Nd4 c6 15. h3 Ne5 16. Na4 Nf4 17. g3 Bxd4 18. Rxd4 Nf3 19. Rxd6 Nxh3 20. Bxh3 Bxh3 21. Rxh3 Nxe1 22. g4 Ng2 23. Rb3 Rab8 24. Nc5 b6 25. Nd7 Rfd8 26. Rbd3 Nf4 27. Nf6+ gxf6 28. Rxd8+ Rxd8 29. Rxd8+ Kg7 30. Ra8 a5 31. Ra6 Kg6 32. Rxb6 Kg5 33. Rxc6 Kxg4 34. Rxf6 h5 35. Rxf7 h4 36. e5 h3 37. Rg7+ Kh4 38. Rg1 h2 39. Rh1 Kh3 40. Kd2 Kg2 41. Rxh2+ Kxh2 42. Ke3 Ne6 43. f4 Ng7 44. Ke4 Kg3 45. f5 Kg4 46. f6 Ne6 47. Kd5 Kf5 48. Kd6 Nf8 49. c4 Ng6 50. f7 Nf8 51. c5 Kg6 52. e6 1-0

[Event "Titled Tuesday intern op 11th Jul Early"]
[Site "Chess.com INT"]
[Date "2023.07.11"]
[Round "8"]
[White "Zavgorodniy, Sergiy"]
[Black "Ocelak, Jakub"]
[Result "1-0"]
[WhiteElo "2416"]
[BlackElo "2158"]
[PlyCount "107"]
[EventDate "2023.07.11"]
[EventType "swiss (blitz)"]
[EventRounds "11"]
[EventCountry "USA"]
[SourceTitle "EXT 2024"]
[Source "ChessBase"]
[SourceDate "2023.10.10"]
[SourceVersion "1"]
[SourceVersionDate "2023.10.10"]
[SourceQuality "1"]

1. e4 e5 2. Nf3 Nc6 3. d3 Nf6 4. Be2 d5 5. exd5 Nxd5 6. 0-0 Be7 7. Re1 0-0 8. c4 Nf6 9. a3 a5 10. Nc3 Re8 11. Nb5 h6 12. h3 Bf5 13. Be3 Qd7 14. d4 exd4 15. Nfxd4 Nxd4 16. Nxd4 Be4 17. Qb3 c6 18. Rad1 Qc7 19. Bd3 Bxd3 20. Rxd3 Bf8 21. Rdd1 Rad8 22. Nf3 Rxd1 23. Rxd1 Rd8 24. Rxd8 Qxd8 25. Bb6 Qa8 26. Qa4 Nd7 27. Qxa5 Qe8 28. Be3 Qe4 29. Qd8 Qd3 30. g3 Kh7 31. Kg2 g5 32. Bd4 Qf5 33. Qe8 Bg7 34. g4 Qe6 35. Qxe6 fxe6 36. Bxg7 Kxg7 37. b4 e5 38. Nd2 Nb6 39. Kf3 Kf6 40. Ke3 Ke6 41. Kd3 Nc8 42. Ne4 b6 43. a4 Na7 44. Ng3 Nc8 45. Nf5 h5 46. Ng7+ Kf7 47. Nxh5 Kg6 48. Ng3 Nd6 49. Ne4 Nb7 50. c5 bxc5 51. Nxc5 Nd6 52. Ne4 Nb7 53. a5 Kf7 54. a6 1-0

[Event "Titled Tuesday intern op 04th Jul Early"]
[Site "Chess.com INT"]
[Date "2023.07.04"]
[Round "5"]
[White "Ocelak, Jakub"]
[Black "Pasti, Aron"]
[Result "1/2-1/2"]
[WhiteElo "2158"]
[BlackElo "2336"]
[PlyCount "88"]
[EventDate "2023.07.04"]
[EventType "swiss (blitz)"]
[EventRounds "11"]
[EventCountry "USA"]
[SourceTitle "EXT 2024"]
[Source "ChessBase"]
[SourceDate "2023.10.10"]
[SourceVersion "1"]
[SourceVersionDate "2023.10.10"]
[SourceQuality "1"]

1. b3 d5 2. Bb2 c5 3. e3 Nc6 4. Bb5 Nf6 5. Nf3 Bd7 6. 0-0 e6 7. d3 Be7 8. Nbd2 0-0 9. Qe2 a6 10. Bxc6 Bxc6 11. Ne5 Nd7 12. Nxc6 bxc6 13. e4 d4 14. f4 e5 15. f5 Bg5 16. Nf3 Be3+ 17. Kh1 a5 18. a4 f6 19. g4 c4 20. bxc4 Nc5 21. h4 Rf7 22. Bc1 Bxc1 23. Raxc1 Nxa4 24. g5 Nc3 25. Qg2 Rb7 26. gxf6 Qxf6 27. Qh2 a4 28. Nxe5 a3 29. Ng4 Qd8 30. f6 a2 31. fxg7 h5 32. Nh6+ Kxg7 33. Qe5+ Kxh6 34. Rf6+ Qxf6 35. Qxf6+ Kh7 36. Qf5+ Kh8 37. Qxh5+ Rh7 38. Qe5+ Rg7 39. Rg1 Raa7 40. Qe8+ Kh7 41. Qh5+ Kg8 42. Qe8+ Kh7 43. Qh5+ Kg8 44. Qe8+ Kh7 1/2-1/2

[Event "Titled Tuesday intern op 02nd May Late"]
[Site "Chess.com INT"]
[Date "2023.05.02"]
[Round "4"]
[White "Ocelak, Jakub"]
[Black "Domingo Nunez, Ruben"]
[Result "0-1"]
[WhiteElo "2158"]
[BlackElo "2416"]
[PlyCount "84"]
[EventDate "2023.05.02"]
[EventType "swiss (blitz)"]
[EventRounds "11"]
[EventCountry "USA"]
[SourceTitle "EXT 2024"]
[Source "ChessBase"]
[SourceDate "2023.10.10"]
[SourceVersion "1"]
[SourceVersionDate "2023.10.10"]
[SourceQuality "1"]

1. b3 a5 2. a4 h5 3. Bb2 Nc6 4. Nf3 d6 5. h3 e5 6. d4 e4 7. Nfd2 e3 8. Nf3 exf2+ 9. Kxf2 Nf6 10. Nbd2 d5 11. e3 Bd6 12. Bd3 h4 13. Rf1 Qe7 14. c4 Bg3+ 15. Ke2 0-0 16. Ba3 Nb4 17. Bxb4 axb4 18. Rh1 Re8 19. Nf1 Bf4 20. Qd2 Nh5 21. Kd1 Bh6 22. Kc2 dxc4 23. Bxc4 Bf5+ 24. Kb2 c5 25. Ne5 Be6 26. Qe2 Nf6 27. Bxe6 Qxe6 28. Qc4 Qe7 29. Rd1 cxd4 30. exd4 Ne4 31. Nh2 Nf2 32. Rdf1 Rac8 33. Qxf7+ Qxf7 34. Nxf7 Re2+ 35. Kb1 Nd3 36. Nxh6+ gxh6 37. Rf3 Rb2+ 38. Ka1 Rxb3 39. Rd1 Rcc3 40. Ng4 Ra3+ 41. Kb1 Rcb3+ 42. Kc2 Rb2# 0-1

[Event "CZE-ch U20"]
[Site "Jaromerice nad Rokytnou"]
[Date "2023.03.14"]
[Round "6"]
[White "Ocelak, Jakub"]
[Black "Hrbek, Stepan"]
[Result "1/2-1/2"]
[WhiteElo "2190"]
[BlackElo "2340"]
[PlyCount "83"]
[EventDate "2023.03.10"]
[EventType "tourn"]
[EventRounds "11"]
[EventCountry "CZE"]
[SourceTitle "CBM 213 Extra"]
[Source "ChessBase"]
[SourceDate "2023.05.31"]
[SourceVersion "1"]
[SourceVersionDate "2023.05.31"]
[SourceQuality "1"]

1. Nf3 c5 2. c4 Nc6 3. Nc3 g6 4. g3 Bg7 5. Bg2 e6 6. e3 Nge7 7. d4 cxd4 8. Nxd4 d5 9. cxd5 exd5 10. 0-0 0-0 11. Nxc6 bxc6 12. Qa4 Qb6 13. Qa3 Nf5 14. Bd2 Re8 15. Na4 Qa6 16. Rab1 Rb8 17. b3 Bf8 18. Qc1 Nd6 19. Nc5 Qb6 20. Na4 Qa6 21. Nc5 Qb5 22. a4 Qb6 23. a5 Qd8 24. Qd1 Nb5 25. b4 Bg7 26. Qb3 Bf5 27. Rbc1 h5 28. Rfe1 h4 29. Bf1 Bh6 30. Qb2 Rc8 31. Bd3 Bxd3 32. Nxd3 h3 33. Nc5 Bg7 34. Qb3 f5 35. Qd3 Kf7 36. Rcd1 Qf6 37. Rb1 Rcd8 38. Rbc1 g5 39. Qf1 g4 40. Qd3 Re7 41. f3 gxf3 42. Rf1 1/2-1/2

[Event "Marianske Lazne IM-B2 21st"]
[Site "Marianske Lazne"]
[Date "2023.01.21"]
[Round "9"]
[White "Besou, Hussain"]
[Black "Ocelak, Jakub"]
[Result "1/2-1/2"]
[WhiteElo "2288"]
[BlackElo "2105"]
[PlyCount "84"]
[EventDate "2023.01.14"]
[EventType "tourn"]
[EventRounds "9"]
[EventCountry "CZE"]
[SourceTitle "CBM 212 Extra"]
[Source "ChessBase"]
[SourceDate "2023.03.31"]
[SourceVersion "1"]
[SourceVersionDate "2023.03.31"]
[SourceQuality "1"]

1. e4 c5 2. Nf3 d6 3. d4 cxd4 4. Nxd4 Nf6 5. Nc3 g6 6. Be3 Bg7 7. f3 0-0 8. Qd2 Nc6 9. Bc4 Nxd4 10. Bxd4 Be6 11. Nd5 Bxd5 12. exd5 Qd7 13. 0-0 Rfc8 14. Bb3 b5 15. a4 a5 16. Qd3 b4 17. Rfe1 Rc7 18. Re2 Nh5 19. Qe3 Bxd4 20. Qxd4 Qf5 21. Rae1 Raa7 22. Re4 Qf6 23. g4 Qxd4+ 24. Rxd4 Nf6 25. h4 h5 26. g5 Ne8 27. Rde4 Kf8 28. Kf2 Rc5 29. Ke3 Rac7 30. Kd3 Ng7 31. Rc1 Nf5 32. c3 Ke8 33. Bc4 bxc3 34. Rxc3 Kd8 35. Rb3 Ng3 36. Rb8+ Rc8 37. Rxc8+ Rxc8 38. Rf4 Nf5 39. b3 Rc5 40. Ke2 e5 41. dxe6 fxe6 42. Kd2 Ke7 1/2-1/2

[Event "Titled Tuesday intern op 03rd Jan Early"]
[Site "Chess.com INT"]
[Date "2023.01.03"]
[Round "6"]
[White "Ocelak, Jakub"]
[Black "Larina, Marija"]
[Result "0-1"]
[WhiteElo "2105"]
[BlackElo "1948"]
[PlyCount "58"]
[EventDate "2023.01.03"]
[EventType "swiss (blitz)"]
[EventRounds "11"]
[EventCountry "USA"]
[SourceTitle "EXT 2024"]
[Source "ChessBase"]
[SourceDate "2023.10.10"]
[SourceVersion "1"]
[SourceVersionDate "2023.10.10"]
[SourceQuality "1"]

1. b3 e5 2. Bb2 d6 3. e3 f5 4. c4 Nf6 5. d4 e4 6. d5 g6 7. h4 h6 8. Ne2 Qe7 9. Nbc3 Bg7 10. Nf4 Qf7 11. Nb5 Na6 12. Be2 0-0 13. Qd2 Nc5 14. 0-0-0 a6 15. Nd4 a5 16. Kb1 a4 17. b4 a3 18. Ba1 Na6 19. Nde6 Bxe6 20. Nxe6 Bh8 21. Nxf8 Qxf8 22. f3 exf3 23. gxf3 Nh5 24. Rdg1 Kh7 25. f4 Bxa1 26. Kxa1 Qh8+ 27. Kb1 c5 28. Bxh5 gxh5 29. Qd3 Qb2# 0-1